LEADER 00895nam0-22003371i-450- 001 990003076310403321 010 $a0-86861-783-0 035 $a000307631 035 $aFED01000307631 035 $a(Aleph)000307631FED01 035 $a000307631 100 $a20000920d1987----km-y0itay50------ba 101 0 $aeng 102 $aIT 200 1 $aExport-Oriented Industrialisation$eThe Asean Experience$fMohamed Arif, Hal Hill. 205 $a2. ed. 210 $aSydney$aLondon$aBoston$cAllen & Unwin$d1987. 215 $aXV, 270 p.$d20 cm 676 $aF/1.3 676 $aH/2.14 676 $aO/3.22 702 1$aAriff,$bMohamed 702 1$aHill,$bHal 801 0$aIT$bUNINA$gRICA$2UNIMARC 901 $aBK 912 $a990003076310403321 952 $aF/13 ARI$b7217$fSES 959 $aSES 996 $aExport-Oriented Industrialisation$9460151 997 $aUNINA DB $aING01 LEADER 01091oam 2200397 450 001 996466544603316 005 20220307124529.0 010 $a3-030-60163-3 035 $a(CKB)4100000011781538 035 $a(MiAaPQ)EBC6499888 035 $a(PPN)253860318 035 $a(EXLCZ)994100000011781538 100 $a20210820d2021 uy 0 101 0 $aeng 135 $aurcnu|||||||| 181 $ctxt$2rdacontent 182 $cc$2rdamedia 183 $acr$2rdacarrier 200 10$aLebesgue integral /$fLiviu C. Florescu 210 1$aCham, Switzerland :$cBirkhäuser,$d[2021] 210 4$d©2021 215 $a1 online resource (224 pages) $cillustrations 311 $a3-030-60162-5 606 $aLebesgue integral 606 $aIntegral de Lebesgue$2thub 615 0$aLebesgue integral. 615 7$aIntegral de Lebesgue 676 $a515.43 700 $aFlorescu$b Liviu C.$01195589 801 0$bMiAaPQ 801 1$bMiAaPQ 801 2$bUtOrBLW 906 $aBOOK 912 $a996466544603316 996 $aLebesgue integral$92831964 997 $aUNISA